| Record ID | ia:amnesia0000lafl |
| Source | Internet Archive |
| Download MARC XML | https://archive.org/download/amnesia0000lafl/amnesia0000lafl_marc.xml |
| Download MARC binary | https://www.archive.org/download/amnesia0000lafl/amnesia0000lafl_meta.mrc |
LEADER: 04246cam 2200577 a 4500
001 ocn696911133
003 OCoLC
005 20200819044517.0
008 110110s2011 quc j 000 f fre
040 $aNLC$bfre$cNLC$dCA7GT$dTRACS$dBDF$dNLC$dOCLCO$dOCLCA$dLVB$dOCLCO$dOCLCA$dOCLCQ
015 $a20119401479$2can
016 $a(AMICUS)000038878053
016 7 $aFRBNF434106140000002$2FrPBN
020 $a9782896474455
020 $a2896474455
035 $a(OCoLC)696911133
055 02 $aPS8573*
055 3 $aPS8573 A35154$bA86 2011
082 04 $ajC843/.6$222
084 $acci1icc$2lacc
084 $acoll6$2lacc
084 $acoll8$2lacc
084 $acoll13$2lacc
100 1 $aLaflamme, Sonia K.
245 10 $aAmnesia /$cSonia K. Laflamme.
260 $aMontréal :$bHurtubise,$c2011.
300 $a280 pages ;$c19 cm
336 $atexte$btxt$2rdacontent/fre
337 $asans médiation$bn$2rdamedia/fre
338 $avolume$bnc$2rdacarrier/fre
490 1 $aCollection Atout ;$v134.$aPolicier
521 1 $a12 ans et plus.
546 $aTexte en français seulement.
520 8 $aMatis Morelli, 19 ans, se réveille totalement amnésique à la suite d'un accident de voiture l'ayant plongé dans un coma d'une dizaine de jours. Un coma dont il ressort pour apprendre, hébété, qu'il est soupçonné d'avoir assassiné son père. Ce dernier est en effet porté disparu et son sang maculait l'intérieur de la voiture que conduisait Matis le soir de l'accident. Cette révélation fait surgir un flash-back terrifiant dans l'esprit du jeune homme, qui se revoit dans un entrepôt, pointant une arme vers un homme gisant dans une mare de sang. En sortant de l'hôpital quelques jours plus tard, Matis est abordé par Anouk, sa soi-disant ex-petite amie, qui lui révèle non seulement qu'il est devenu un délinquant "pour faire suer [s]on père", mais également qu'il mettait à profit sa maîtrise du kung-fu pour le compte d'une espèce de fou surnommé le Chirurgien. Complètement dépassé et refusant de croire qu'il est réellement un assassin, Matis entreprend de reconstituer ce passé qui plane comme une ombre menaçante au-dessus de sa tête. Mais à qui peut-il faire confiance alors que les témoignages des gens qui affirment le connaître se contredisent? [SDM].
520 1 $aUn suspense psychologique absolument captivant! Dès les premières pages, le lecteur se laisse envoûter par l'atmosphère oppressante au sein de laquelle se déroule la quête identitaire d'un héros attachant qui rassemble tout son courage afin d'affronter un passé qui l'effraie, mais qui constitue en même temps sa seule chance d'avoir un avenir. L'intrigue, menée de main de maître et jouant adroitement de retours dans le passé, est orchestrée autour d'une belle galerie de personnages que l'on suit en parallèle. Dotés d'une psychologie fouillée, ces protagonistes confèrent énormément de profondeur à l'ensemble, chacun apportant des réflexions et des points de vue différents sur les événements qui se font du coup plus nuancés, à l'image d'une vie où rien n'est jamais ni tout noir, ni tout blanc. Des citations empruntées aux grands penseurs chinois et aux adeptes des arts mariaux dont la philosophie imprègne la trame (par exemple : "Apprendre, c'est vivre dans la hantise de ne jamais atteindre son but et de perdre ce que l'on a déjà possédé" (Confucius, p. 116)) ajoutent encore à l'intérêt de ce roman d'une grande richesse. À compter de 13-14 ans. [SDM].
650 7 $aOrganes$xTrafic$vRomans.$2vmj
650 7 $aKung-fu$vRomans.$2vmj
650 7 $aRomans policiers.$2vmj
650 7 $aAmnésie$vRomans.$2vmj
650 7 $aComplot$vRomans.$2vmj
650 7 $aCriminels$vRomans.$2vmj
650 7 $aIdentité (Psychologie)$vRomans.$2vmj
650 7 $aFamille$vRomans.$2vmj
650 7 $aArts martiaux$vRomans.$2vmj
830 0 $aAtout ;$v134.
830 0 $aAtout.$pPolicier.
856 42 $3Notice et cote du catalogue de la Bibliothèque nationale de France$uhttp://catalogue.bnf.fr/ark:/12148/cb434106144
029 0 $aNLC$b000038878053
029 1 $aBDF$bFRBNF434106140000002
994 $aZ0$bP4A
948 $hNO HOLDINGS IN P4A - 8 OTHER HOLDINGS